000 00300nam a2200145Ia 4500
100 _aWebster/John ed.
942 _cBK
654 _ainstrumentation
245 _aBio instrumentation
260 _bJohn Wiley
_c2004
082 _a610.28
_bWEB
300 _a383
546 _aENGLISH
999 _c20481
_d20481